000 01035nam a22002297a 4500
003 BDDh-ASL
005 20231016062620.0
008 220502s2004 b ||||| |||| 00| 0 b d
040 _cBDDh-ASL
041 _abengali
082 _a920
_bSAM
245 0 0 _aবরণীয় ব্যক্তিত্ব /
_cরফিকুল ইসলাম ও অন্যান্য (সম্পা.)।
246 _aBaraniya Bektitya.
260 _aঢাকা:
_bবাংলা বিভাগ, ঢাকা বিশ্ববিদ্যালয়,
_c২০০৪।
300 _a৫৪৩ পৃষ্ঠা:
_c২২ সে.মি.
_bছবি;
650 0 _abiographical dictionary - চরিতাভিধান
_94665
650 0 _96188
_aShort Biography (সংক্ষিপ্ত জীবনী)
700 1 _aইসলাম, রফিকুল
_cঅধ্যাপক
_95744
700 _aসাঈদ-উর-রহমান
_91042
700 1 _aঘোষ, বিশ্বজিৎ
_91058
942 _2ddc
_cBK
999 _c30892
_d30892